000
00336 a2200169 4500
001
185928
020
_a
85-294-0132-8
040
_c
Magnum
100
_a
Regina
240
1
0
_a
@Amigos.br
_l
por
245
1
0
_a
@Amigos.br
300
_a
20
362
0
_a
2000
440
1
_a
Harbra
697
_a
LITERATURA INFANTO-JUVENIL
942
_c
BK
999
_c
185928
_d
185928